书目信息 |
| 题名: |
中国和印度的故事
|
|
| 作者: | 郑瑞祥 主编 | |
| 分册: | ||
| 出版信息: | 北京 五洲传播出版社 2016 |
|
| 页数: | 336页 | |
| 开本: | 23cm | |
| 丛书名: | 我们和你们 | |
| 单 册: | ||
| 中图分类: | D822.235.1 , D822.235 | |
| 科图分类: | ||
| 主题词: | 中外关系--友好往来--印度--英文 | |
| 电子资源: | ||
| ISBN: | 978-7-5085-3291-2 | |
| 000 | 00896oam2 2200253 450 | |
| 001 | 2113 | |
| 005 | 20180522165631.15 | |
| 010 | @a978-7-5085-3291-2@dCNY99.00 | |
| 100 | @a20160113d2016 em y0chiy0110 ea | |
| 101 | 0 | @aeng |
| 102 | @aCN@b110000 | |
| 105 | @ay z 000yy | |
| 200 | 1 | @a中国和印度的故事@9zhong guo he yin du de gu shi@f郑瑞祥主编 |
| 210 | @a北京@c五洲传播出版社@d2016 | |
| 215 | @a336页@d23cm | |
| 225 | 2 | @a我们和你们 |
| 330 | @a本书由资深外交官郑瑞祥先生担任主编,邀请了我国历任驻印度大使、外交部亚洲司和印度外交官,以及两国学者、记者、企业家和青年代表等共20名作者协力创作,以大视角写小故事,聚焦中国和印度友好关系及民间交往。 | |
| 461 | 0 | @12001 @a我们和你们 |
| 606 | 0 | @a中外关系@x友好往来@y印度@x英文 |
| 690 | @aD822.235.1@v5 | |
| 690 | @aD822.235@v4 | |
| 701 | 0 | @a郑瑞祥@9zheng rui xiang@4主编 |
| 801 | 0 | @aCN@b91CIP@c20160113 |
| 905 | @aMuseLib@dD822.235@e185 | |
| 中国和印度的故事/郑瑞祥主编.-北京:五洲传播出版社,2016 |
| 336页;23cm.-(我们和你们) |
| ISBN 978-7-5085-3291-2:CNY99.00 |
| 本书由资深外交官郑瑞祥先生担任主编,邀请了我国历任驻印度大使、外交部亚洲司和印度外交官,以及两国学者、记者、企业家和青年代表等共20名作者协力创作,以大视角写小故事,聚焦中国和印度友好关系及民间交往。 |
| ● |
| 相关链接 |
|
|
|
|
正题名:中国和印度的故事
索取号:D822.235/185
 
预约/预借
| 序号 | 登录号 | 条形码 | 馆藏地/架位号 | 状态 | 备注 |
| 1 | 1108001 | 211080015 | 第一样本阅览室/ [索取号:D822.235/185] | 在馆 | |
| 2 | 1108002 | 211080024 | 教育系资料室/ [索取号:D822.235/185] | 在馆 | |
| 3 | 1108003 | 211080033 | 教育系资料室/ [索取号:D822.235/185] | 在馆 | |
| 4 | 1108004 | 211080042 | 第一借阅区/ [索取号:D822.235/185] | 在馆 |